000 00686nam a22002177a 4500
005 20251108165024.0
008 250721s1965 xx 000 0 ara d
082 1 4 _a927.92/واج
100 1 _aواجنر، فردريك
245 1 0 _aرواد المسرح الأمريكي /
264 1 _aالقاهرة :
_bدار الكرنك للنشر و الطبع و التوزيع،
_c1965.
300 _a168ص
490 0 _aسلسلة المكتبة الفنية ؛ 5
650 1 7 _aالفنانون
650 1 7 _aالتراجم
650 1 7 _aالمسرح
700 1 _aبرادى، باربرا
700 1 _aعزيز، مشرقي
_eترجمة
942 _2ddc
_cBK
999 _c20147
_d20147